Κατάλογος Βιβλιοθηκών Mediterranean College

Απειροστικός λογισμός / (Record no. 9893)

MARC details
000 -LEADER
fixed length control field 04700nam a22003257a 4500
003 - ΤΑΥΤΟΤΗΤΑ ΤΟΥ ΑΡΙΘΜΟΥ ΕΛΕΓΧΟΥ
Πεδίο ελέγχου GR-AtMCL
005 - ΗΜΕΡΟΜΗΝΙΑ ΚΑΙ ΩΡΑ ΤΕΛΕΥΤΑΙΑΣ ΕΝΗΜΕΡΩΣΗΣ
Πεδίο ελέγχου 20250826112526.0
006 - FIXED-LENGTH DATA ELEMENTS--ADDITIONAL MATERIAL CHARACTERISTICS
Πεδίο ελέγχου σταθερού μήκους a|||||r|||| 00| 0
008 - FIXED-LENGTH DATA ELEMENTS--GENERAL INFORMATION
Πεδίο ελέγχου σταθερού μήκους m2014 gr a|||f ||| 001 gre
020 ## - ISBN
ISBN 9789605241827
040 ## - ΠΗΓΗ ΚΑΤΑΛΟΓΟΓΡΑΦΗΣΗΣ
Φορέας πρωτότυπης καταλογογράφησης MC Athens Campus Library
Γλώσσα καταλογογράφησης Ελληνικά, Μοντέρνα (1453-)
Modifying agency MC Athens Campus Library
Κανόνες περιγραφικής καταλογογράφησης AACR2
041 1# - ΓΛΩΣΣΑ
Κωδικός γλώσσας πρωτότυπου Αγγλικά
100 1# - MAIN ENTRY--PERSONAL NAME
Personal name Finney, Ross L.
9 (RLIN) 4573
245 10 - ΤΙΤΛΟΣ ΚΑΙ ΔΗΛΩΣΗ ΥΠΕΥΘΥΝΟΤΗΤΑΣ
Τίτλος Απειροστικός λογισμός /
Statement of responsibility, etc. βασισμένο στο πρωτότυπο του George B.Thomas ; αναθεωρημένο από τους Ross L. Finney, Maurice D. Weir [και] Frank R. Giordano ; απόδοση στα ελληνικά - επιστημονική επιμέλεια Μανώλης Αντωνογιαννάκης
260 ## - PUBLICATION, DISTRIBUTION, ETC.
Place of publication, distribution, etc. Ηράκλειο :
Name of publisher, distributor, etc. Πανεπιστημιακές Εκδόσεις Κρήτης,
Date of publication, distribution, etc. 2014
300 ## - PHYSICAL DESCRIPTION
Extent 1104 σ.
Other physical details εικ. ;
Διαστάσεις 30εκ.
490 1# - SERIES STATEMENT
Δήλωση σειράς Πανεπιστημιακή βιβλιοθήκη θετικών επιστημών. Μαθηματικά
500 ## - GENERAL NOTE
Γενική σημείωση Περιέχει ευρετήριο
500 ## - GENERAL NOTE
Γενική σημείωση Τίτλος πρωτοτύπου: Thomas' calculus
520 ## - SUMMARY, ETC.
Summary, etc. Με τη 10η έκδοση του κλασικού αυτού συγγράμματος, οι συγγραφείς παρουσιάζουν μια σύγχρονη όψη του απειροστικού λογισμού με την υποστήριξη της τεχνολογίας των υπολογιστών, παραμένοντας ωστόσο πιστοί στην παραδοσιακή «συνταγή» της διεθνούς επιτυχίας του βιβλίου: μαθηματικά σωστά ζυγισμένα ανάμεσα στην αυστηρότητα και την ποιοτική κατανόηση των εννοιών, σε συνδυασμό με εφαρμογές που ενδιαφέρουν τον γενικό επιστήμονα και τον μηχανικό, αλλά και άριστη επιλογή ασκήσεων.<br/>Έμφαση δίνεται στην κατασκευή μαθηματικών μοντέλων, καθώς και στη γραφική και υπολογιστική τους διερεύνηση για την ανάπτυξη δεξιοτήτων και την εμπέδωση των εννοιών. Στο δικτυότοπο του βιβλίου (www.cup.gr) διατίθεται «ηλεκτροντικό συμπλήρωμα» με εφαρμογές Mathematica και Maple, πλήθος ιστορικών και βιογραφικών στοιχείων, πλήρεις ηλεκτρονικές διαφάνειες κ.λπ.<br/>Από τα σοβαρότερα πλεονεκτήματα του βιβλίου είναι οι εφαρμογές από τον πραγματικό κόσμο, οι οποίες συνεχώς αναθεωρούνται και εμπλουτίζονται κατά τις τελευταίες εκδόσεις, αντλώντας θέματα από τη φυσική και τις επιστήμες μηχανικού, από τη χημεία και τη βιολογία, από τις οικονομικές και τις κοινωνικές επιστήμες.<br/><br/>Με τον πλούτο της ύλης και τη δυνατότητα ευελιξίας που παρέχει η διάρθρωσή του, ο Απειροστικός Λογισμός μπορεί να χρησιμοποιηθεί σε μια πληθώρα διαφορετικών πανεπιστημιακών μαθημάτων, από τα πιο θεωρητικά μέχρι τα πιο εφαρμοσμένα. Ο διδάσκων μπορεί να επιλέξει σε ποιο βαθμό θα ενσωματώσει τις προαιρετικές –αλλά ουσιαστικές– υπολογιστικές εφαρμογές στο μάθημα. Σε κάθε περίπτωση, ο αναγνώστης δεν μπορεί παρά να εκτιμήσει τον λογισμό ως ένα αξιοθαύμαστο διανοητικό εργαλείο ερμηνείας, κατανόησης και διαχείρισης του κόσμου που μας περιβάλλει.
650 00 - SUBJECT ADDED ENTRY--TOPICAL TERM
Topical term or geographic name entry element Λογισμός
General subdivision Διδακτικά βιβλία
9 (RLIN) 10017
653 ## - INDEX TERM--UNCONTROLLED
Μη ελεγχόμενοι όροι Μηχανικών
700 1# - ΠΡΟΣΘΕΤΗ ΑΝΑΓΡΑΦΗ--ΦΥΣΙΚΟ ΠΡΟΣΩΠΟ
Personal name Giordano, Frank R.
Σχέση
9 (RLIN) 4574
700 1# - ΠΡΟΣΘΕΤΗ ΑΝΑΓΡΑΦΗ--ΦΥΣΙΚΟ ΠΡΟΣΩΠΟ
Personal name Weir, Maurice D.
9 (RLIN) 4576
700 1# - ΠΡΟΣΘΕΤΗ ΑΝΑΓΡΑΦΗ--ΦΥΣΙΚΟ ΠΡΟΣΩΠΟ
Personal name Thomas, George B.
Dates associated with a name 1914-2006
Fuller form of name (George Brinton),
9 (RLIN) 4575
700 1# - ΠΡΟΣΘΕΤΗ ΑΝΑΓΡΑΦΗ--ΦΥΣΙΚΟ ΠΡΟΣΩΠΟ
Personal name Αντωνογιαννάκης, Μανώλης
Σχέση Μεταφραστής
9 (RLIN) 4577
830 ## - SERIES ADDED ENTRY--UNIFORM TITLE
Ομοιόμορφος τίτλος Πανεπιστημιακή βιβλιοθήκη θετικών επιστημών.
Name of part/section of a work Μαθηματικά
9 (RLIN) 10016
942 ## - ADDED ENTRY ELEMENTS (KOHA)
Koha item type Books
Holdings
Τύπος τεκμηρίου Βιβλιοθήκη Τρέχουσα τοποθεσία Barcode Αριθμός εισαγωγής Ημερομηνία απόκτησης Ταξιθετικό σύμβολο Αριθμός αντιτύπου Κατάσταση απόσυρσης Κατάσταση χαμένου Κατάσταση κατεστραμμένου Μη δανεισμός Σύνολο δανεισμών Ημερομηνία τελευταίας εμφάνισης Η τιμή ισχύει από
Books MC Athens Campus Library MC Athens Campus Library 9780000098627 8145 26/08/2025 515.15 THO 1           26/08/2025 26/08/2025

MC Athens Campus Library
Πατησίων 94 & Κοδριγκτώνος 13, 104 34
Πελλήνης 8 & Πατησίων 107, 112 51
Τ: +30 210 8899600

MC Thessaloniki Campus Library
Ίωνος Δραγούμη 21, 54625 | Ίωνος Δραγούμη 15, 54625
Τ: +30 2310 287779 – Τ: +30 2314 440300